Normal view
MARC view
- الرياضيات - دراسة وتدريس
Entry Topical Term
001 - CONTROL NUMBER
- control field: 9185
003 - CONTROL NUMBER IDENTIFIER
- control field: JO-AjAnu
005 - DATE AND TIME OF LATEST TRANSACTION
- control field: 20230606071758.0
008 - FIXED-LENGTH DATA ELEMENTS
- fixed length control field: 230606|| aca||aabn | a|a d
040 ## - CATALOGING SOURCE
- Original cataloging agency: JO-AjAnu
- Transcribing agency: JO-AjAnu
150 ## - HEADING--TOPICAL TERM
- Topical term or geographic name entry element: الرياضيات - دراسة وتدريس
670 ## - SOURCE DATA FOUND
- Source citation: Work cat.: (JO-AjAnu)4737: خليفة، خليفة عبد السميع, author 9184, تدريس الرياضيات في المدرسة الثانوية